[Event "8th Tournament of Peace"]
[Site "Zagreb CRO"]
[Date "2022.10.12"]
[Round "1.1"]
[White "Moussard, Jules"]
[Black "Palac, Mladen"]
[Result "1-0"]
[WhiteElo "2686"]
[BlackElo "2516"]
[EventDate "2022.10.12"]
[PlyCount "125"]

1.e4 c5 2.Nf3 d6 3.d4 cxd4 4.Nxd4 Nf6 5.Nc3 a6 6.Bd3 e5 7.Nde2 Be7 8.O-O 
Be6 9.f4 exf4 10.Nxf4 Nc6 11.Nxe6 fxe6 12.Bc4 Qd7 13.a3 Rc8 14.Ba2 Ne5 15.
Qe2 b5 16.Bf4 Nc4 17.Bxc4 Rxc4 18.Rad1 Qc6 19.e5 dxe5 20.Bxe5 O-O 21.Bd6 
Qd7 22.Bxe7 Qxe7 23.Kh1 Rfc8 24.Rd3 e5 25.Rg3 e4 26.Qe3 Kh8 27.Rg5 R8c5 
28.Rxc5 Rxc5 29.h3 h6 30.Kg1 Rc6 31.Rd1 a5 32.Rd2 b4 33.axb4 axb4 34.Ne2 
Qe5 35.Qd4 Qxd4+ 36.Nxd4 Rc5 37.Kf2 Kg8 38.Ke3 Kf7 39.Rf2 g6 40.Nb3 Rc6 
41.Nd2 Rxc2 42.Nxe4 Rxf2 43.Nxf2 Nd5+ 44.Ke4 Ke6 45.Nd3 g5 46.g3 h5 47.
Nc5+ Kd6 48.Nb7+ Kc6 49.Nd8+ Kc5 50.Ne6+ Kc6 51.Nxg5 Nb6 52.b3 Nd7 53.Kd4 
Kb5 54.Ne4 Nb8 55.Kd5 Nd7 56.g4 hxg4 57.hxg4 Nf8 58.g5 Ng6 59.Kd6 Nh4 60.
Ke6 Kc6 61.Kf6 Kd5 62.Nd2 Kd4 63.Nc4 1-0

[Event "8th Tournament of Peace"]
[Site "Zagreb CRO"]
[Date "2022.10.12"]
[Round "1.2"]
[White "Santos Latasa, Jaime"]
[Black "Livaic, Leon"]
[Result "1/2-1/2"]
[WhiteElo "2677"]
[BlackElo "2574"]
[EventDate "2022.10.12"]
[PlyCount "75"]

1.c4 e6 2.g3 Nf6 3.Bg2 d5 4.Nf3 Be7 5.O-O O-O 6.d4 Nbd7 7.Qd3 c6 8.Nc3 b6 
9.e4 Bb7 10.e5 dxc4 11.Qxc4 Nd5 12.Nxd5 cxd5 13.Qa4 Nb8 14.Bf4 Qd7 15.Qxd7
Nxd7 16.Rfc1 Rac8 17.Bf1 Nb8 18.a3 Ba6 19.Bxa6 Nxa6 20.Kf1 Nb8 21.Ke2 Rc6 
22.Rxc6 Nxc6 23.Rc1 Rc8 24.Kd3 Kf8 25.Bd2 Ke8 26.Ng1 Kd7 27.Ne2 b5 28.f4 
a5 29.g4 a4 30.Rf1 Rb8 31.Bc3 b4 32.axb4 Bxb4 33.Ra1 Bxc3 34.bxc3 Ra8 35.
Nc1 h5 36.g5 Ne7 37.Kc2 Kc6 38.Nd3 1/2-1/2

[Event "8th Tournament of Peace"]
[Site "Zagreb CRO"]
[Date "2022.10.12"]
[Round "1.3"]
[White "Kozul, Zdenko"]
[Black "Yilmaz, Mustafa"]
[Result "1/2-1/2"]
[WhiteElo "2549"]
[BlackElo "2621"]
[EventDate "2022.10.12"]
[PlyCount "99"]

1.d4 Nf6 2.c4 e6 3.Nf3 d5 4.Nc3 Bb4 5.Bg5 h6 6.Bxf6 Qxf6 7.e3 O-O 8.Rc1 
Nc6 9.a3 Bxc3+ 10.Rxc3 dxc4 11.Bxc4 e5 12.Nxe5 Nxe5 13.dxe5 Qxe5 14.O-O 
Bf5 15.Qh5 Qf6 16.Qf3 Qg6 17.Qf4 c6 18.e4 Be6 19.Bb3 Bxb3 20.Rxb3 b6 21.
Rd1 Rae8 22.Re3 Qh5 23.g4 Qb5 24.Rd2 Rd8 25.Rc3 c5 26.h4 Rxd2 27.Qxd2 Qc6 
28.Qf4 Rd8 29.g5 Rd4 30.Re3 Qg6 31.Kh2 h5 32.Kg2 Qe6 33.Re2 Rd3 34.f3 Qd7 
35.Qf5 Qd8 36.Qe5 Rd1 37.Kg3 Rg1+ 38.Rg2 Rd1 39.Kf4 Rd6 40.Kg3 Re6 41.Qf4 
Rd6 42.Rc2 Rd1 43.Qe5 a5 44.a4 Rd3 45.Re2 Qd7 46.Qf5 Qd4 47.Qc8+ Kh7 48.
Qf5+ Kg8 49.Qc8+ Kh7 50.Qf5+ 1/2-1/2

[Event "8th Tournament of Peace"]
[Site "Zagreb CRO"]
[Date "2022.10.12"]
[Round "1.4"]
[White "Zelcic, Robert"]
[Black "Bosiocic, Marin"]
[Result "0-1"]
[WhiteElo "2492"]
[BlackElo "2548"]
[EventDate "2022.10.12"]
[PlyCount "120"]

1.e4 c5 2.Nf3 Nc6 3.d4 cxd4 4.Nxd4 e5 5.Nb5 d6 6.N1c3 a6 7.Na3 Be6 8.Nc4 
Rb8 9.a4 Nb4 10.Nd5 Nxd5 11.exd5 Bf5 12.a5 Nf6 13.Nb6 Be7 14.c4 Nd7 15.Be3
O-O 16.Be2 Bg5 17.Nxd7 Bxd7 18.Bxg5 Qxg5 19.O-O f5 20.f4 exf4 21.Qd4 Rbe8 
22.Bf3 Re3 23.Qb6 Qh6 24.Qxb7 Bc8 25.Qb6 g5 26.c5 g4 27.Bd1 f3 28.Qxd6 
Qxd6 29.cxd6 fxg2 30.Kxg2 f4 31.Ba4 f3+ 32.Kg3 Bf5 33.Rae1 Re2 34.Rxe2 
fxe2 35.Re1 Bd3 36.Kxg4 Rf1 37.d7 Bf5+ 38.Kg3 Bxd7 39.Rxe2 Bxa4 40.Re6 Bb5
41.Rb6 h5 42.Kh4 Rf5 43.Rh6 Rxd5 44.Rxh5 Rd2 45.Rg5+ Kf7 46.b4 Rxh2+ 47.
Kg3 Rb2 48.Rg4 Ke6 49.Rh4 Kd5 50.Kf3 Bf1 51.Ke3 Re2+ 52.Kf3 Re5 53.Rh1 Bd3
54.Rc1 Kd4 55.Rc5 Re1 56.Rc8 Bc4 57.Rb8 Rf1+ 58.Kg2 Rf5 59.Kg3 Kc3 60.Kg4 
Rf1 0-1

[Event "8th Tournament of Peace"]
[Site "Zagreb CRO"]
[Date "2022.10.12"]
[Round "1.5"]
[White "Shevchenko, Kirill"]
[Black "Stevic, Hrvoje"]
[Result "1/2-1/2"]
[WhiteElo "2645"]
[BlackElo "2554"]
[EventDate "2022.10.12"]
[PlyCount "136"]

1.c4 e5 2.g3 Nc6 3.Nc3 g6 4.Bg2 Bg7 5.d3 d6 6.e4 Nge7 7.Nge2 O-O 8.O-O Be6
9.Nd5 Qd7 10.Be3 Rae8 11.Qd2 Nc8 12.b4 f5 13.b5 Nd8 14.exf5 Bxf5 15.Rac1 
c6 16.Ndc3 Bh3 17.Bxh3 Qxh3 18.d4 Nb6 19.Qd3 Nf7 20.Kh1 exd4 21.Bxd4 Bxd4 
22.Qxd4 c5 23.Qd1 Nxc4 24.Nf4 Qf5 25.Ncd5 Nfe5 26.Qb3 Nd2 27.Ne7+ Kh8 28.
Nxf5 Nxb3 29.Nxd6 Nxc1 30.Nxe8 Nxa2 31.Nd6 c4 32.Re1 Nd3 33.Ra1 Nab4 34.
Nxc4 Nxf4 35.gxf4 Rxf4 36.Nd6 a6 37.Nxb7 axb5 38.Nd6 Rxf2 39.Nxb5 Nd3 40.
Nd4 Nf4 41.Re1 g5 42.Rg1 h6 43.h4 gxh4 44.Nf5 Nh3 45.Rg6 Rxf5 46.Rxh6+ Kg7
47.Rxh4 Nf4 48.Rg4+ Kf6 49.Kg1 Ke5 50.Kf2 Ke4 51.Rg8 Nd3+ 52.Ke2 Rf2+ 53.
Kd1 Rh2 54.Re8+ Ne5 55.Ke1 Kd4 56.Kf1 Ra2 57.Re7 Nd3 58.Re8 Rf2+ 59.Kg1 
Rf7 60.Kg2 Ne5 61.Kg3 Ke4 62.Ra8 Rg7+ 63.Kf2 Nd3+ 64.Ke2 Rg2+ 65.Kd1 Rg4 
66.Ra4+ Kd5 67.Rxg4 Nf2+ 68.Ke2 Nxg4 1/2-1/2

[Event "8th Tournament of Peace"]
[Site "Zagreb CRO"]
[Date "2022.10.13"]
[Round "2.1"]
[White "Palac, Mladen"]
[Black "Stevic, Hrvoje"]
[Result "1/2-1/2"]
[WhiteElo "2516"]
[BlackElo "2554"]
[EventDate "2022.10.12"]
[PlyCount "40"]

1.e4 e5 2.Nf3 Nc6 3.Bb5 a6 4.Ba4 Nf6 5.O-O Be7 6.Re1 b5 7.Bb3 d6 8.c3 O-O 
9.h3 Nb8 10.d4 Nbd7 11.c4 c6 12.Nc3 b4 13.Na4 c5 14.d5 Ne8 15.Bc2 g6 16.
Bh6 Ng7 17.a3 a5 18.b3 Bb7 19.Qd2 f6 20.Nb2 Qc7 1/2-1/2

[Event "8th Tournament of Peace"]
[Site "Zagreb CRO"]
[Date "2022.10.13"]
[Round "2.2"]
[White "Bosiocic, Marin"]
[Black "Shevchenko, Kirill"]
[Result "1/2-1/2"]
[WhiteElo "2548"]
[BlackElo "2645"]
[EventDate "2022.10.12"]
[PlyCount "99"]

1.Nf3 Nf6 2.c4 c6 3.g3 d5 4.Bg2 dxc4 5.O-O Nbd7 6.Na3 Nb6 7.Qc2 Be6 8.Ng5 
Bg4 9.Nxc4 Bxe2 10.Ne5 Bh5 11.Re1 h6 12.Ngxf7 Bxf7 13.Bh3 Qd5 14.a4 Qb3 
15.Qb1 e6 16.a5 Nbd7 17.Nxf7 Kxf7 18.Bxe6+ Qxe6 19.Rxe6 Kxe6 20.a6 b5 21.
b4 Kf7 22.Qb3+ Nd5 23.Bb2 Nf6 24.Rc1 Rc8 25.Bxf6 gxf6 26.Rxc6 Rxc6 27.
Qxd5+ Re6 28.f4 f5 29.Qxf5+ Rf6 30.Qd5+ Kg7 31.Qd4 Rh7 32.Qxa7+ Kg8 33.Qa8
Rhf7 34.Kg2 Kg7 35.Qb8 Rxa6 36.Qxb5 Rd6 37.d4 Rfd7 38.Qe5+ Kg8 39.b5 Rxd4 
40.Qe6+ Kg7 41.f5 R4d6 42.f6+ Kh8 43.Qe8 Kg8 44.Qg6+ Kh8 45.g4 Rb7 46.h4 
Rbb6 47.g5 hxg5 48.hxg5 Rxb5 49.Qh5+ Kg8 50.Qg6+ 1/2-1/2

[Event "8th Tournament of Peace"]
[Site "Zagreb CRO"]
[Date "2022.10.13"]
[Round "2.3"]
[White "Yilmaz, Mustafa"]
[Black "Zelcic, Robert"]
[Result "1-0"]
[WhiteElo "2621"]
[BlackElo "2492"]
[EventDate "2022.10.12"]
[PlyCount "121"]

1.d4 Nf6 2.c4 e6 3.Nf3 d5 4.Nc3 dxc4 5.e4 b5 6.e5 Nd5 7.Nxb5 Nb6 8.Be2 Nc6
9.O-O Be7 10.Qd2 Qd7 11.Rd1 Bb7 12.Nc3 Nb4 13.a3 N4d5 14.Ne4 Qc6 15.Re1 
Ne3 16.Nc5 Nf5 17.Nxb7 Qxb7 18.Qc3 O-O 19.Bxc4 c5 20.dxc5 Bxc5 21.Bd3 Rac8
22.Qb3 a5 23.Qb5 Qd5 24.Bf1 h6 25.Rb1 Rfd8 26.Bf4 Qa8 27.Qe2 Nd5 28.Bd2 
Qa7 29.Red1 Bb6 30.Be1 Rc6 31.Qe4 Rcc8 32.Bd3 g6 33.Rbc1 Nd4 34.Nd2 Rxc1 
35.Rxc1 Nf5 36.Nc4 Bc5 37.Nxa5 Bxf2+ 38.Bxf2 Qxa5 39.Qe1 Qa4 40.Bxf5 gxf5 
41.Qd1 Qa8 42.Qf3 Rc8 43.Bc5 Qa4 44.b3 Qb5 45.b4 Kh7 46.Rd1 Qc4 47.h3 Rg8 
48.Kh2 Qc2 49.Rxd5 exd5 50.Qxd5 Qc3 51.Qxf7+ Kh8 52.Qf6+ Rg7 53.Qf8+ Kh7 
54.Qxf5+ Kg8 55.Qc8+ Kh7 56.Qf5+ Kg8 57.Qe4 Qg3+ 58.Kg1 Rd7 59.Bd6 Qxa3 
60.e6 Qa1+ 61.Kh2 1-0

[Event "8th Tournament of Peace"]
[Site "Zagreb CRO"]
[Date "2022.10.13"]
[Round "2.4"]
[White "Livaic, Leon"]
[Black "Kozul, Zdenko"]
[Result "1-0"]
[WhiteElo "2574"]
[BlackElo "2549"]
[EventDate "2022.10.12"]
[PlyCount "139"]

1.d4 Nf6 2.c4 g6 3.Nc3 Bg7 4.e4 d6 5.h3 O-O 6.Be3 c5 7.Nf3 Qa5 8.Bd3 cxd4 
9.Nxd4 Nc6 10.Nb3 Qd8 11.O-O Nd7 12.Qd2 a5 13.Be2 a4 14.Nd4 Nc5 15.Ndb5 
Qa5 16.Rac1 Nb4 17.Bh6 Bd7 18.Bxg7 Kxg7 19.Qe3 Bxb5 20.cxb5 a3 21.b3 Rac8 
22.Rfd1 Rfd8 23.h4 Nd7 24.h5 Nf6 25.h6+ Kf8 26.Qd4 Rc5 27.f4 Rdc8 28.e5 
dxe5 29.fxe5 Ng8 30.Bc4 Nxh6 31.Qh4 Kg7 32.Qxe7 Qc7 33.Qf6+ Kg8 34.e6 Rf5 
35.Qd4 Rf4 36.Qd6 Qxd6 37.Rxd6 Nf5 38.exf7+ Kf8 39.Rd7 Ne3 40.Re1 Nxc4 41.
bxc4 Rxf7 42.Rxf7+ Kxf7 43.Ne4 Ke7 44.c5 Rb8 45.Re3 Ke6 46.Nc3+ Kf5 47.Re4
Nd3 48.Rd4 Ne5 49.Ne4 h5 50.Ra4 Ke6 51.Rxa3 Kd5 52.Re3 Ng4 53.Re1 Kd4 54.
a4 Ra8 55.a5 Rxa5 56.Nd6 Ne5 57.Rb1 Ra7 58.b6 Ra8 59.Nxb7 Kd5 60.Rc1 Kc6 
61.Nd6 Nd7 62.Ne4 Ra4 63.Ng5 Ra5 64.Ne6 Kd5 65.b7 Nb8 66.c6 Nxc6 67.Nf4+ 
Ke4 68.Rxc6 Ra1+ 69.Kh2 Rb1 70.Nxg6 1-0

[Event "8th Tournament of Peace"]
[Site "Zagreb CRO"]
[Date "2022.10.13"]
[Round "2.5"]
[White "Moussard, Jules"]
[Black "Santos Latasa, Jaime"]
[Result "1/2-1/2"]
[WhiteElo "2686"]
[BlackElo "2677"]
[EventDate "2022.10.12"]
[PlyCount "70"]

1.c4 e6 2.Nc3 d5 3.d4 Nf6 4.cxd5 exd5 5.Bg5 Be7 6.e3 h6 7.Bh4 O-O 8.Bd3 
Re8 9.Nge2 c6 10.O-O Nbd7 11.a4 Nh5 12.Bxe7 Qxe7 13.a5 Ndf6 14.Qd2 g6 15.
Rfc1 a6 16.Na4 Ng7 17.Nb6 Rb8 18.Nxc8 Rbxc8 19.Nc3 Ne6 20.Na4 Ng5 21.Re1 
h5 22.f3 h4 23.Nc5 h3 24.b4 Kg7 25.Qf2 hxg2 26.Qxg2 Ne6 27.Qg3 Rh8 28.Ra2 
Rh5 29.Rg2 Rch8 30.Kf2 Nxc5 31.bxc5 Rh3 32.Qf4 R3h4 33.Qg3 Rh3 34.Qf4 R3h4
35.Qg3 Rh3 1/2-1/2

[Event "8th Tournament of Peace"]
[Site "Zagreb CRO"]
[Date "2022.10.14"]
[Round "3.1"]
[White "Santos Latasa, Jaime"]
[Black "Palac, Mladen"]
[Result "1-0"]
[WhiteElo "2677"]
[BlackElo "2516"]
[EventDate "2022.10.12"]
[PlyCount "109"]

1.e4 c5 2.Nf3 d6 3.d4 cxd4 4.Nxd4 Nf6 5.Nc3 a6 6.Be3 e5 7.Nb3 Be6 8.Qd2 
Be7 9.h3 Nbd7 10.O-O-O b5 11.g4 h6 12.f4 b4 13.Nd5 Nxe4 14.Qxb4 Bxd5 15.
Rxd5 Ng3 16.Rg1 Nxf1 17.Rxf1 O-O 18.Kb1 Qc7 19.Rd3 Rfc8 20.Rc3 Qb8 21.
Rxc8+ Qxc8 22.Na5 Rb8 23.Qc4 Qxc4 24.Nxc4 Rc8 25.b3 exf4 26.Bxf4 d5 27.Ne3
Nb6 28.a4 d4 29.a5 Na4 30.Nf5 Nc3+ 31.Kb2 Bb4 32.Bd6 Bxd6 33.Nxd6 Rd8 34.
Nc4 f6 35.Rf5 Ne4 36.b4 Kf8 37.b5 g6 38.Rf4 axb5 39.Nb6 Nc5 40.Rxf6+ Kg7 
41.Rc6 Na6 42.Nd7 Rxd7 43.Rxa6 d3 44.cxd3 Rxd3 45.Rb6 Rxh3 46.a6 Rh2+ 47.
Kb3 Rh1 48.Kb4 Ra1 49.Kxb5 Ra2 50.Rd6 Kf7 51.Kb6 h5 52.gxh5 gxh5 53.a7 h4 
54.Kb7 Ke7 55.Ra6 1-0

[Event "8th Tournament of Peace"]
[Site "Zagreb CRO"]
[Date "2022.10.14"]
[Round "3.2"]
[White "Kozul, Zdenko"]
[Black "Moussard, Jules"]
[Result "0-1"]
[WhiteElo "2549"]
[BlackElo "2686"]
[EventDate "2022.10.12"]
[PlyCount "52"]

1.d4 Nf6 2.c4 e6 3.Nf3 d5 4.Bg5 dxc4 5.e4 b5 6.a4 c6 7.Nc3 Qb6 8.Bxf6 gxf6
9.g3 Bb7 10.Bh3 Na6 11.O-O O-O-O 12.axb5 cxb5 13.d5 Kb8 14.Qd4 exd5 15.
Nxd5 Qxd4 16.Nxd4 Nc5 17.Nxb5 Nxe4 18.Ndc7 Bc5 19.Na6+ Bxa6 20.Rxa6 Rd2 
21.Nc3 Nxf2 22.Bg2 Ng4+ 23.Kh1 Ne3 24.Rg1 Bb6 25.Bf3 Rf2 26.Bh5 Rd8 0-1

[Event "8th Tournament of Peace"]
[Site "Zagreb CRO"]
[Date "2022.10.14"]
[Round "3.3"]
[White "Zelcic, Robert"]
[Black "Livaic, Leon"]
[Result "1/2-1/2"]
[WhiteElo "2492"]
[BlackElo "2574"]
[EventDate "2022.10.12"]
[PlyCount "56"]

1.e4 c5 2.Nf3 e6 3.Nc3 a6 4.d4 cxd4 5.Nxd4 Qc7 6.Bd3 Nf6 7.O-O d6 8.Kh1 
Nbd7 9.f4 b5 10.Bd2 Bb7 11.b4 Be7 12.Qe2 O-O 13.a4 bxa4 14.Nxa4 Rfe8 15.
Nb3 e5 16.Na5 exf4 17.Nxb7 Qxb7 18.Rxf4 Ne5 19.Rff1 d5 20.exd5 Nxd3 21.
Qxd3 Qxd5 22.Qxd5 Nxd5 23.c3 Rac8 24.Rad1 Bf6 25.Rf3 Rcd8 26.Rff1 Rc8 27.
Rf3 Rcd8 28.Rff1 Rc8 1/2-1/2

[Event "8th Tournament of Peace"]
[Site "Zagreb CRO"]
[Date "2022.10.14"]
[Round "3.4"]
[White "Shevchenko, Kirill"]
[Black "Yilmaz, Mustafa"]
[Result "1/2-1/2"]
[WhiteElo "2645"]
[BlackElo "2621"]
[EventDate "2022.10.12"]
[PlyCount "46"]

1.e4 e5 2.Nf3 Nc6 3.Bb5 a6 4.Ba4 Nf6 5.Nc3 Bc5 6.O-O O-O 7.Bxc6 dxc6 8.d3 
Nd7 9.Be3 Bd6 10.Ne2 c5 11.Nd2 Nb8 12.Nc4 Be6 13.Nxd6 cxd6 14.f4 exf4 15.
Nxf4 Nc6 16.Qh5 Ne5 17.Nxe6 fxe6 18.Bxc5 Nxd3 19.cxd3 dxc5 20.Qxc5 Qxd3 
21.Qe5 Rxf1+ 22.Rxf1 Qd7 23.Rc1 Rc8 1/2-1/2

[Event "8th Tournament of Peace"]
[Site "Zagreb CRO"]
[Date "2022.10.14"]
[Round "3.5"]
[White "Stevic, Hrvoje"]
[Black "Bosiocic, Marin"]
[Result "1-0"]
[WhiteElo "2554"]
[BlackElo "2548"]
[EventDate "2022.10.12"]
[PlyCount "117"]

1.e4 c5 2.c3 d5 3.exd5 Qxd5 4.d4 Nf6 5.Nf3 Bg4 6.Be2 e6 7.h3 Bh5 8.O-O Nc6
9.Be3 cxd4 10.Nxd4 Bxe2 11.Qxe2 Be7 12.Rd1 O-O 13.c4 Nxd4 14.Bxd4 Qc6 15.
Nc3 Rfd8 16.Rd2 Ne8 17.Nd5 Bf8 18.Ne3 a6 19.Rad1 b5 20.b3 Rdc8 21.Qg4 f5 
22.Qf4 Be7 23.Be5 Nf6 24.Bxf6 Bxf6 25.Rd7 Rd8 26.Rxd8+ Rxd8 27.Rxd8+ Bxd8 
28.Qb8 Qd7 29.c5 Qc7 30.Qxc7 Bxc7 31.Nc2 Kf7 32.Nb4 a5 33.Nc6 b4 34.Nd4 
Ke7 35.Kf1 g6 36.Ke2 e5 37.Nb5 Kd7 38.Kd3 Bb8 39.Kc4 Kc6 40.f4 e4 41.g3 
Kd7 42.Nd4 Bc7 43.Kd5 h5 44.h4 Bd8 45.Ne2 e3 46.Ng1 Bf6 47.c6+ Kc7 48.Ke6 
Bc3 49.Kf7 Kxc6 50.Kxg6 Kd5 51.Kxf5 Kd4 52.Kg6 Kd3 53.f5 Be5 54.f6 Kc2 55.
f7 Bd6 56.g4 Kb2 57.gxh5 Kxa2 58.h6 a4 59.h7 1-0

[Event "8th Tournament of Peace"]
[Site "Zagreb CRO"]
[Date "2022.10.15"]
[Round "4.1"]
[White "Palac, Mladen"]
[Black "Bosiocic, Marin"]
[Result "0-1"]
[WhiteElo "2516"]
[BlackElo "2548"]
[EventDate "2022.10.12"]
[PlyCount "118"]

1.e4 c5 2.Nf3 Nc6 3.Bb5 e6 4.O-O Nge7 5.Re1 b6 6.c3 a6 7.Bf1 d5 8.exd5 
Nxd5 9.d4 cxd4 10.Nxd4 Bb7 11.c4 Nf6 12.Be3 Bc5 13.Nc2 Qc7 14.Nc3 Rd8 15.
Qe2 h5 16.Bxc5 bxc5 17.Qe3 Nd4 18.Rac1 Ng4 19.Qg3 Qxg3 20.hxg3 h4 21.f3 
Nf6 22.gxh4 Rxh4 23.Nxd4 cxd4 24.Na4 Ke7 25.Nc5 Ba8 26.Nxa6 g5 27.Kf2 g4 
28.Rcd1 gxf3 29.gxf3 Rh2+ 30.Bg2 Rg8 31.Rg1 e5 32.Nc5 Kd6 33.b4 Nh5 34.Nd3
e4 35.fxe4 Bxe4 36.Ne1 Ke5 37.Nf3+ Bxf3 38.Kxf3 Rg3+ 39.Kf2 f5 40.Rd2 f4 
41.Re1+ Re3 42.Rh1 Rxh1 43.Bxh1 Ng3 44.Bf3 Ne4+ 45.Bxe4 Kxe4 46.b5 Rf3+ 
47.Kg2 Rg3+ 48.Kf2 d3 49.b6 Rg7 50.c5 f3 51.Rd1 Rg2+ 52.Kf1 Rb2 53.a4 Ke3 
54.Re1+ Kf4 55.Re7 d2 56.Rd7 Rb1+ 57.Kf2 d1=Q 58.Rxd1 Rxd1 59.b7 Rd2+ 0-1

[Event "8th Tournament of Peace"]
[Site "Zagreb CRO"]
[Date "2022.10.15"]
[Round "4.2"]
[White "Yilmaz, Mustafa"]
[Black "Stevic, Hrvoje"]
[Result "1/2-1/2"]
[WhiteElo "2621"]
[BlackElo "2554"]
[EventDate "2022.10.12"]
[PlyCount "55"]

1.c4 e5 2.g3 Nc6 3.Bg2 g6 4.Nc3 Bg7 5.e3 d6 6.Nge2 Nge7 7.O-O O-O 8.b3 Bf5
9.d4 exd4 10.exd4 Qd7 11.Be3 Bh3 12.d5 Ne5 13.f3 Bxg2 14.Kxg2 Nf5 15.Bf2 
Bh6 16.h3 Qe7 17.Re1 Be3 18.Ne4 Rae8 19.N2c3 Bxf2 20.Kxf2 Qd8 21.Qd2 Nd7 
22.Re2 Re5 23.Rae1 Rfe8 24.f4 R5e7 25.g4 Ng7 26.Qd4 a6 27.Re3 f5 28.Ng5 
1/2-1/2

[Event "8th Tournament of Peace"]
[Site "Zagreb CRO"]
[Date "2022.10.15"]
[Round "4.3"]
[White "Livaic, Leon"]
[Black "Shevchenko, Kirill"]
[Result "0-1"]
[WhiteElo "2574"]
[BlackElo "2645"]
[EventDate "2022.10.12"]
[PlyCount "68"]

1.d4 Nf6 2.c4 g6 3.Nc3 Bg7 4.e4 d6 5.Nf3 O-O 6.h3 e5 7.d5 Nh5 8.g3 Na6 9.
Be3 f5 10.exf5 gxf5 11.Ng5 Qe8 12.Be2 Nf6 13.Qd2 Nc5 14.O-O-O h6 15.Nf3 
Nfe4 16.Nxe4 Nxe4 17.Qc2 c6 18.g4 cxd5 19.Rxd5 Be6 20.Rdd1 d5 21.gxf5 Bxf5
22.Nh4 Bh7 23.Bd3 Qh5 24.Rdg1 Qxh4 25.Rg4 Qh5 26.Rhg1 Rf7 27.f3 Qxh3 28.
cxd5 Nf6 29.Bxh7+ Nxh7 30.Qg6 Qxf3 31.Qxh6 Rc8+ 32.Kd2 Qxd5+ 33.Ke1 Rcc7 
34.Qh3 Rcd7 0-1

[Event "8th Tournament of Peace"]
[Site "Zagreb CRO"]
[Date "2022.10.15"]
[Round "4.4"]
[White "Moussard, Jules"]
[Black "Zelcic, Robert"]
[Result "1/2-1/2"]
[WhiteElo "2686"]
[BlackElo "2492"]
[EventDate "2022.10.12"]
[PlyCount "119"]

1.e4 c6 2.d4 d5 3.e5 c5 4.Nf3 Nc6 5.dxc5 e6 6.Be3 Nh6 7.c3 Nf5 8.Bd4 Bd7 
9.Qd2 a5 10.Be2 Nfxd4 11.cxd4 b6 12.cxb6 Qxb6 13.Nc3 Rb8 14.Rb1 Be7 15.O-O
O-O 16.Rfc1 Rfc8 17.g3 f6 18.exf6 Bxf6 19.Nb5 Ne7 20.Rxc8+ Rxc8 21.a4 Nf5 
22.b4 axb4 23.Rxb4 Qa5 24.g4 Nh4 25.Nxh4 Bxh4 26.Rb2 Qxa4 27.Kg2 Rf8 28.f3
Be7 29.Nc3 Qa7 30.Bd3 g6 31.Ne2 Qc7 32.Qh6 Rf7 33.Rc2 Qb8 34.h4 Qd8 35.f4 
Bxh4 36.g5 Be1 37.Rc1 Bb4 38.Bxg6 Rg7 39.Bd3 Bf8 40.Kf2 Rf7 41.Qh5 Be8 42.
Qh3 Re7 43.Rh1 Qd7 44.Ng1 Rg7 45.Nf3 Bd6 46.f5 exf5 47.Bxf5 Qc7 48.Re1 Bg6
49.Be6+ Kh8 50.Bxd5 Re7 51.Be6 Qc2+ 52.Re2 Qb1 53.Nh4 Qd3 54.Qg4 Bh5 55.
Qxh5 Qxd4+ 56.Kg2 Rxe6 57.g6 Rxe2+ 58.Qxe2 Qe5 59.Qxe5+ Bxe5 60.gxh7 
1/2-1/2

[Event "8th Tournament of Peace"]
[Site "Zagreb CRO"]
[Date "2022.10.15"]
[Round "4.5"]
[White "Santos Latasa, Jaime"]
[Black "Kozul, Zdenko"]
[Result "1/2-1/2"]
[WhiteElo "2677"]
[BlackElo "2549"]
[EventDate "2022.10.12"]
[PlyCount "95"]

1.d4 Nf6 2.c4 g6 3.Nc3 Bg7 4.e4 d6 5.h3 Nbd7 6.Be3 e5 7.Nf3 exd4 8.Nxd4 
O-O 9.Qd2 Qe7 10.f3 Nb6 11.O-O-O Re8 12.Bh6 Bh8 13.g4 c6 14.Bg5 Bd7 15.Nb3
d5 16.c5 Nc4 17.Bxc4 dxc4 18.Na5 Qxc5 19.Nxb7 Qb4 20.Nd6 Reb8 21.Rh2 Be6 
22.a3 Qa5 23.Be3 Nd7 24.Bd4 Be5 25.Nf5 Bxf5 26.gxf5 Nc5 27.Bxc5 Qxc5 28.f4
Bxc3 29.Qxc3 Rb3 30.Qd4 Qxd4 31.Rxd4 c3 32.f6 Rab8 33.e5 Kf8 34.Rd6 Ke8 
35.Rxc6 cxb2+ 36.Kb1 Rxa3 37.Rxb2 Rxb2+ 38.Kxb2 Ra4 39.f5 gxf5 40.Rc8+ Kd7
41.Rf8 Re4 42.Rxf7+ Ke8 43.Re7+ Kf8 44.e6 a5 45.Rf7+ Ke8 46.Re7+ Kf8 47.
Rf7+ Ke8 48.Re7+ 1/2-1/2

[Event "8th Tournament of Peace"]
[Site "Zagreb CRO"]
[Date "2022.10.16"]
[Round "5.1"]
[White "Kozul, Zdenko"]
[Black "Palac, Mladen"]
[Result "1/2-1/2"]
[WhiteElo "2549"]
[BlackElo "2516"]
[EventDate "2022.10.12"]
[PlyCount "26"]

1.d4 Nf6 2.c4 e6 3.Nf3 d5 4.g3 Bb4+ 5.Bd2 Be7 6.Bg2 O-O 7.O-O Nbd7 8.Qc2 
c6 9.Rd1 b6 10.a4 a5 11.cxd5 cxd5 12.Nc3 Ba6 13.e3 Rc8 1/2-1/2

[Event "8th Tournament of Peace"]
[Site "Zagreb CRO"]
[Date "2022.10.16"]
[Round "5.2"]
[White "Zelcic, Robert"]
[Black "Santos Latasa, Jaime"]
[Result "1/2-1/2"]
[WhiteElo "2492"]
[BlackElo "2677"]
[EventDate "2022.10.12"]
[PlyCount "100"]

1.e4 c5 2.Nf3 d6 3.Bb5+ Nd7 4.d4 cxd4 5.Qxd4 a6 6.Bxd7+ Bxd7 7.O-O Rc8 8.
c4 e5 9.Qd3 b5 10.Nfd2 Qc7 11.b3 Nf6 12.Nc3 Be7 13.a4 b4 14.Nd5 Nxd5 15.
cxd5 Qc3 16.Qb1 a5 17.Nc4 Rxc4 18.bxc4 Qxc4 19.Be3 Qa6 20.Rc1 Bd8 21.Qb3 
O-O 22.Rc2 f5 23.exf5 Bxf5 24.Rc4 Bd7 25.h3 Kh8 26.Rac1 Qa8 27.R4c2 h6 28.
Kh2 Qb8 29.Rc4 Bf6 30.Qa2 Qe8 31.Bb6 Bg5 32.Bxa5 Bxc1 33.Rxc1 Rf4 34.Rc4 
b3 35.Qxb3 Rxf2 36.Qg3 Rf6 37.Bc7 Qa8 38.Qd3 Qa6 39.Qb3 Kh7 40.a5 Be8 41.
Rg4 Bh5 42.Rg3 Bg6 43.Rf3 Be4 44.Rxf6 gxf6 45.Qg3 Bxd5 46.Qg4 Bf7 47.Qd7 
Qc4 48.Bxd6 Qf4+ 49.Kh1 Qf1+ 50.Kh2 Qf4+ 1/2-1/2

[Event "8th Tournament of Peace"]
[Site "Zagreb CRO"]
[Date "2022.10.16"]
[Round "5.3"]
[White "Shevchenko, Kirill"]
[Black "Moussard, Jules"]
[Result "1/2-1/2"]
[WhiteElo "2645"]
[BlackElo "2686"]
[EventDate "2022.10.12"]
[PlyCount "80"]

1.e4 e5 2.Nf3 Nf6 3.Nxe5 d6 4.Nf3 Nxe4 5.d4 d5 6.Bd3 Bd6 7.O-O O-O 8.c4 c6
9.Nc3 Nxc3 10.bxc3 dxc4 11.Bxc4 Bf5 12.Bg5 Qa5 13.Nh4 Be6 14.Bxe6 Qxg5 15.
Nf3 Qa5 16.Bh3 Qc7 17.c4 Nd7 18.Re1 Rfe8 19.Rxe8+ Rxe8 20.c5 Bf8 21.Qa4 b6
22.cxb6 Nxb6 23.Qc2 c5 24.Ng5 g6 25.Ne4 Bg7 26.Re1 Nd5 27.dxc5 f5 28.Qd1 
Re5 29.Ng5 Qxc5 30.g3 h6 31.Rxe5 Bxe5 32.Bg2 hxg5 33.Qxd5+ Qxd5 34.Bxd5+ 
Kg7 35.Kg2 g4 36.h3 gxh3+ 37.Kxh3 g5 38.g4 fxg4+ 39.Kxg4 Kf6 40.f3 Bf4 
1/2-1/2

[Event "8th Tournament of Peace"]
[Site "Zagreb CRO"]
[Date "2022.10.16"]
[Round "5.4"]
[White "Stevic, Hrvoje"]
[Black "Livaic, Leon"]
[Result "1-0"]
[WhiteElo "2554"]
[BlackElo "2574"]
[EventDate "2022.10.12"]
[PlyCount "105"]

1.e4 c6 2.Nf3 d5 3.d3 Bg4 4.h3 Bh5 5.Qe2 e6 6.g4 Bg6 7.Bd2 Nd7 8.Nc3 Be7 
9.h4 h5 10.g5 Qb6 11.Bh3 d4 12.Nd1 Bd6 13.a4 c5 14.b3 Ne7 15.Nb2 Qc7 16.
O-O-O Nc6 17.Ne1 a6 18.Ng2 e5 19.Rdf1 b5 20.f4 exf4 21.Nxf4 Nde5 22.Rf2 
Rb8 23.Rhf1 c4 24.dxc4 Ba3 25.Nd5 Qa7 26.cxb5 axb5 27.a5 d3 28.cxd3 Nd4 
29.Qe3 Nxb3+ 30.Kc2 Bc5 31.Qg3 Nd4+ 32.Kb1 Ndc6 33.Bc3 Bxf2 34.Qxf2 Qxf2 
35.Rxf2 O-O 36.Ne7+ Kh7 37.Nxc6 Nxc6 38.Bd7 Na7 39.Rc2 Rfd8 40.Be5 Rb7 41.
Bh3 b4 42.Rc7 Rb5 43.Bxg7 Kxg7 44.Rxa7 b3 45.Be6 Rdb8 46.a6 Ra5 47.Bc4 Ra3
48.Rb7 Ra8 49.Rb6 Kf8 50.Nd1 Ra2 51.Nc3 Rh2 52.Nb5 Rxh4 53.Nc7 1-0

[Event "8th Tournament of Peace"]
[Site "Zagreb CRO"]
[Date "2022.10.16"]
[Round "5.5"]
[White "Bosiocic, Marin"]
[Black "Yilmaz, Mustafa"]
[Result "1/2-1/2"]
[WhiteElo "2548"]
[BlackElo "2621"]
[EventDate "2022.10.12"]
[PlyCount "85"]

1.Nf3 d5 2.g3 Nf6 3.Bg2 c5 4.O-O Nc6 5.d4 e6 6.c4 dxc4 7.Ne5 Bd7 8.Na3 
cxd4 9.Naxc4 Be7 10.Bf4 Rc8 11.Nxd7 Qxd7 12.Ne5 Nxe5 13.Bxe5 O-O 14.Qxd4 
Qb5 15.Bf3 Rfd8 16.a4 Qa5 17.Qe3 Nd5 18.Qb3 b6 19.Rfd1 Bf6 20.Bxd5 Rxd5 
21.Rxd5 Qxd5 22.Qxd5 exd5 23.Bxf6 gxf6 24.Kf1 Rc2 25.Rb1 Kg7 26.Ke1 d4 27.
b3 f5 28.a5 bxa5 29.Ra1 Rc3 30.Rxa5 d3 31.b4 Rc1+ 32.Kd2 dxe2 33.Kxe2 Rc4 
34.Rb5 Rc2+ 35.Ke3 Rb2 36.Rb7 a5 37.b5 Rb4 38.Kd3 h5 39.Rb6 Kh7 40.h4 Kg8 
41.f4 Kg7 42.Kc3 Kg8 43.Rb8+ 1/2-1/2

[Event "8th Tournament of Peace"]
[Site "Zagreb CRO"]
[Date "2022.10.17"]
[Round "6.1"]
[White "Palac, Mladen"]
[Black "Yilmaz, Mustafa"]
[Result "1/2-1/2"]
[WhiteElo "2516"]
[BlackElo "2621"]
[EventDate "2022.10.12"]
[PlyCount "26"]

1.e4 c5 2.Nf3 d6 3.d4 cxd4 4.Qxd4 Nc6 5.Bb5 Bd7 6.Qd3 Nf6 7.c4 g6 8.Nc3 
Bg7 9.O-O O-O 10.h3 a6 11.Bxc6 Bxc6 12.Nd4 Qb6 13.Rd1 Nd7 1/2-1/2